MDQL
is popping MORE tags! Check the
thread
!
Quizzes
Events
Quiz Creation
Community
Videos
Private Events
Remove Ads
Sign In
Join for FREE
Feedback
Dark Mode
Quiz Categories
Sports
Geography
Music
Movies
Television
Just For Fun
Miscellaneous
History
Literature
Language
Science
Gaming
Entertainment
Religion
Holiday
For Kids
Quiz Lab
Recent
Popular Today
Quiz Kudos Today
Editor Picks
Curator Picks
Quizzes by...
Day
Popularity
Type
Ratings
Length
Year
Community
Subscriptions
Recent Discussions
Orange Saloon
Badges
Playlists
Quests
Create
Leaderboards
Showdown
Live 5
Trivia Bingo
Activity
Puzzle Library
Sporcle Events
Private Events
Virtual Trivia
Globe League
Become a Host
Pub Owners
SporcleCon
Opinionation
Our Games
Videos
Blog
Mobile Apps
Partnerships
Remove Ads and Go Orange
Feedback
Music
Pop Music
The Beatles
Song
Album
Lyrics
Bands
Singers
Artist
Clip
Rock
Rap
Classical
Billboard
Country Music
Kpop
Taylor Swift
Music
Pop Music
The Beatles
Song
Album
Lyrics
Bands
Singers
Artist
Clip
Rock
Rap
Classical
Billboard
Country Music
Kpop
Taylor Swift
Random Quiz
Search Sporcle
×
Quiz Lab
Quiz Lab
Music
Disney
Type in answers that appear in a list
Type in answers that appear in a list
Classic
Best Score? Go Orange.
Disney lyrics 1 Stats
Can you name the Disney lyrics?
By
samleonard1232
20m
231 Questions
232 Plays
232 Plays
232 Plays
Comments
Comments
Give Quiz Kudos
Give Quiz Kudos
-
- Ratings
hide this ad
More Info
Replay
Link that replays current quiz
Next Quiz
Link to next quiz in quiz playlist
You Got
0%
They Got
Avg Score
42%
Avg Friend Score
Upgrade to see
Score Distribution
Jump to the score distribution portion of the page
Score
0/231
Timer
20:00
0
Plays Today
Lyrics
% Correct
a
99.1%
and
99.1%
and
99.1%
and
99.1%
the
99.1%
a
99.1%
the
99.1%
a
99.1%
a
99.1%
the
99.1%
a
99.1%
the
99.1%
and
99.1%
the
99.1%
a
99.1%
the
99.1%
a
99.1%
a
99.1%
a
99.1%
a
99.1%
a
99.1%
the
99.1%
the
99.1%
the
99.1%
and
99.1%
the
99.1%
I
95.3%
I
95.3%
you
88.8%
you
88.8%
it
83.6%
in
83.6%
in
83.2%
in
83.2%
be
80.6%
be
80.6%
to
79.7%
to
79.7%
to
79.7%
to
79.7%
to
79.7%
me
78.4%
is
78.4%
do
77.2%
your
76.3%
can
75.9%
so
74.1%
so
74.1%
we
73.7%
we
73.7%
we
73.7%
we
73.7%
we
73.7%
we
73.7%
we
73.7%
on
72.8%
my
72%
my
72%
when
72%
of
69.8%
for
69%
for
69%
you're
68.1%
you're
68.1%
that
66.4%
that
66.4%
if
64.2%
all
62.9%
all
62.9%
all
62.9%
as
61.2%
as
61.2%
as
61.2%
as
61.2%
as
61.2%
as
61.2%
as
61.2%
Lyrics
% Correct
it's
60.3%
this
59.5%
from
58.6%
how
57.8%
how
57.8%
we're
55.6%
we're
55.6%
we're
55.6%
then
52.2%
you've
44.8%
am
44%
our
44%
da
40.9%
up
40.5%
up
40.5%
up
40.5%
here
40.5%
got
40.5%
up
40.5%
with
40.1%
we'll
39.7%
Come
37.9%
come
37.9%
could
36.6%
heart
35.3%
little
33.2%
little
33.2%
little
33.2%
little
33.2%
oh
31.9%
song
29.3%
song
29.3%
down
29.3%
song
29.3%
song
29.3%
new
29.3%
song
29.3%
la
28%
friends
27.6%
friends
27.6%
sing
26.7%
sing
26.7%
sing
26.7%
sing
26.7%
happy
25%
happy
25%
happy
25%
happy
25%
happy
25%
happy
25%
happy
25%
working
22.4%
working
22.4%
working
22.4%
working
22.4%
working
22.4%
working
22.4%
working
22.4%
even
22%
tune
20.7%
we'd
20.7%
place
20.7%
long
20.7%
tune
20.7%
along
20.3%
keep
20.3%
keep
20.3%
along
20.3%
along
20.3%
strong
18.5%
while
18.1%
while
18.1%
though
18.1%
hum
17.7%
til
17.7%
hum
17.7%
hum
17.7%
Lyrics
% Correct
still
17.2%
fun
16.4%
fun
16.4%
without
15.9%
such
15.9%
comes
15.9%
such
15.9%
cleaning
15.5%
scrub
15.5%
trying
15.5%
cannot
15.5%
voices
15.1%
kitchen
15.1%
mildew
14.7%
stain
14.7%
each
14.7%
clear
14.2%
drain
14.2%
singing
14.2%
dum
14.2%
dum
14.2%
dum
14.2%
strange
14.2%
Edward
14.2%
singing
14.2%
wasn't
14.2%
shower
13.8%
scrubbing
13.8%
worth
13.8%
merry
13.4%
stubborn
13.4%
toilet
13.4%
speak
12.9%
hairball
12.9%
garbage
12.9%
guess
12.9%
roll
12.5%
pail
12.5%
sighing
12.5%
experience
12.5%
hey
12.5%
pitch
12.1%
otherwise
12.1%
spoil
12.1%
sleeves
11.6%
crud
11.6%
stinky
11.6%
socks
11.6%
gay
11.2%
fail
11.2%
tub
10.8%
pluck
10.8%
refrain
10.8%
hosing
10.8%
emptying
10.8%
scum
10.8%
vacuum
10.3%
vermin
10.3%
enjoy
9.9%
drying
9.9%
alot
9.9%
soapy
9.9%
detergent
9.9%
finishing
9.9%
filthy
9.5%
box
9.5%
smelly
9.5%
trill
9.1%
chore
9.1%
shirts
9.1%
letting
8.6%
loose
8.6%
fetch
8.6%
cheery
8.2%
determine
8.2%
adore
7.3%
sponging
6.9%
Quiz Playlist
Details
Report
Send in Message
Add To Playlist
More Info:
Can you name the Disney lyrics?
Classic:
Type in answers that appear in a list
Last Updated: Feb 16, 2017
Quiz Scoreboard
CHALLENGE
Sign Up to Join the Scoreboard
Show All
Scores
Hide
Comments
May contain spoilers
Recently Published
Holiday 10x10 Sorting Gallery
by lukepisani3
Holiday
15m
Two Season TV Shows II
by 123Four
Television
10m
Image Sorting: Flags VI
by Barbecue
Geography
2m
More to Explore
Quiz From the Vault
Featured Blog Post
14 Easter Pick-up Lines to Find Eggs With
hide this ad
You Might Also Like...
Tags
Disney Quiz
Disney Films
Disney Lyrics
Disney Songs
Walt Disney
Today's Top Quizzes in Music
Browse Music
hide this ad
Today's Top Quizzes in Disney
Browse Disney
Top Contributed Quizzes in Music
1
5X2 Blitz: Bands II
2
5X2 Blitz: The Beatles
3
Taylor Swift All Songs (2024)
4
5X2 Blitz: Billboard
5
5X2 Blitz: Billboard II
6
Music Artist by Three 2010s hits
7
5X2 Blitz: Album
8
5X2 Blitz: Rock
9
5X2 Blitz: Singers
10
5X2 Blitz: Lyrics
Explore More
Trending Topics
Marvel
Crossword
Anime
Harry Potter
Kpop
Disney
NBA
The Office
WWE
Country
NFL
Soccer
Pokémon
Puzzle
Song
hide this ad
More By:
samleonard1232
Quiz
Plays
Rating
Category
Featured
Created
Counties of England and Wales
1,412
4.00
Geography
Jul 23, 2014
Football ground capacities
298
4.50
Sports
Oct 31, 2014
Disney lyrics 1
232
5.00
Music
Nov 1, 2014
Guess the Womble
57
5.00
Television
Jul 23, 2014
Go to Creator's Profile
Score Distribution
Quiz Creator Spotlight
samleonard1232
Follow
Send a Message
Quizzes Created
-
Created Quiz Play Count
-
More By This Creator
Popular Quizzes Today
1
Find the US States - No Outlines Minefield
2
Colored Red Africa Blitz
3
Find the 'City' Movie
4
5x2 Blitz: Bands
5
The Countries of the World
6
Find the Countries of Europe - No Outlines Minefield
7
Find the US States
8
US States
More Music Quizzes
#1 Song to Artist Match-Up (2007)
Quiz Lab
Trending Quizzes
Colored Red Europe Blitz I
Colored Red Africa Blitz II
Colored Red Europe Blitz II
Even More Two Season TV Shows
Colored Red Africa Blitz III
Recently Updated
Quick Pick: 20 Twenties
pecheneg
March Madness Men's Triple Doubles
pecheneg
How Do You Spell That?
pecheneg
Godzilla Movies
pecheneg
Grab Bag: 4-10 Letters
pecheneg
2024 March Madness Bracket
pecheneg
Famous TV Couples
Peacemaker
Champions League XIs: Real Madrid
pecheneg
Largest US Cities 1790-2010
pecheneg
Rides in Walt Disney World
pecheneg
Trending Topics
Marvel
Crossword
Anime
NBA
Disney
Kpop
Harry Potter
Puzzle
Pokémon
NFL
The Office
WWE
Country
Soccer
Song
Your Account Isn't Verified!
In order to create a playlist on Sporcle, you need to verify the email address you used during registration. Go to your
Sporcle Settings
to finish the process.
Report this User
Report this user for behavior that violates our
Community Guidelines
.
Details:
Send Report
Go to the Sporcle.com Mobile Site →
Comments